00535nam a2200181Ii 45000010005000000030009000050080041000140400033000550410008000880820015000961100070001112450017001812640062001983000012002603360026002723370028002983380027003265042CO-ViMGA241108s9999||||xx |||||||||||||| ||und|| aCO-ViMGAbspaerdacCO-ViMGA0 aunk04a741.5 B2131 aBanco de la República [Colombia]. Biblioteca Luis Angel Arango,10aPepe Gómez 1a[Lugar de publicación no identificado] : El Banco, 1987 avolumen atextbtxt2rdacontent aunmediatedbn2rdamedia avolumebnc2rdacarrier